000 00789nam a22002770a 4500
001 PT326
003 AR-LpoUNG
005 20210131232017.0
008 191001s1984||||ag |||||||||||||||||spa d
040 _aAR-LpoUNG
_bspa
_cAR-LpoUNG
_eaacr
041 _aspa
044 _aag
082 0 _a982 113
100 1 _aSabato, Hilda
245 1 3 _aLa formación del mercado de trabajo en Buenos Aires, 1850-1880
260 _aBuenos Aires :
_bCentro de Investigaciones Sociales sobre el Estado y la Administración,
_c1984.
300 _a46 p. :
_bil.
650 4 _aEMPLEO
650 4 _aHISTORIA NACIONAL
650 4 _aINVESTIGACION HISTORICA
650 4 _aMOVILIDAD DE LA MANO DE OBRA
650 4 _aOFERTA DE MANO DE OBRA
651 4 _aArgentina
905 _a326
942 _cLIB
999 _c13204
_d13204